Problemas fiscales de las compañías que operan en México : conferencia sustentada por el Lic. Hugo B. Margáin, Director General del Impuesto Sobre la Renta, el día 8 de octubre de 1957 en la ciudad de Nueva Orleáns, con motivo de la XII reunión anual del "Tax Executives Institute" /
Збережено в:
| Автор: | |
|---|---|
| Формат: | Книга |
| Мова: | Іспанська |
| Опубліковано: |
México :
Secretaría de Hacienda y Crédito Público, Dirección General del Impuesto Sobre la Renta,
1957
|
| Теги: |
Немає тегів, Будьте першим, хто поставить тег для цього запису!
|
MARC
| LEADER | 00000nam^a2200000^a^4500 | ||
|---|---|---|---|
| 001 | 000423380 | ||
| 005 | 20250526000000.0 | ||
| 009 | 20260310122624.901 | ||
| 037 | |a Acervo ITESO - Biblioteca | ||
| 041 | |a ESP | ||
| 091 | |a FHM. 01140 | ||
| 100 | |a Margáin, Hugo B. |e (autor) | ||
| 245 | 1 | 0 | |a Problemas fiscales de las compañías que operan en México : |b conferencia sustentada por el Lic. Hugo B. Margáin, Director General del Impuesto Sobre la Renta, el día 8 de octubre de 1957 en la ciudad de Nueva Orleáns, con motivo de la XII reunión anual del "Tax Executives Institute" / |
| 264 | 1 | |a México : |b Secretaría de Hacienda y Crédito Público, Dirección General del Impuesto Sobre la Renta, |c 1957 | |
| 300 | |a 29 ; |c 23.0 cm. | ||
| 336 | |a texto |b txt |2 rdacontenido | ||
| 337 | |a sin mediación |b n |2 rdamedio | ||
| 338 | |a volumen |b nc |2 rdasoporte | ||
| 649 | |a XX | ||
| 910 | |a Fondo Hugo B. Margáin | ||
| 920 | |a Impresos - Libros | ||
| 930 | |a Libros Antiguos y Raros | ||
| 905 | |a 126 | ||
| 901 | |a 0500309492 |b IT2 |c LRA |i D113770 |u 20250526 | ||
| 901 | |a 0500309498 |b IT2 |c LRA |i D113769 |u 20250526 | ||
| 901 | |a 0500309495 |b IT2 |c LRA |i D113768 |u 20250526 | ||
| 901 | |a 0500301786 |b IT2 |c LRA |i D120145 |u 20250526 | ||
| 901 | |a 0500301789 |b IT2 |c LRA |i D120144 |u 20250526 | ||
| 901 | |a 0500301788 |b IT2 |c LRA |i D120143 |u 20250526 | ||
| 901 | |a 0500301785 |b IT2 |c LRA |i D120142 |u 20250526 | ||
| 901 | |a 0500301782 |b IT2 |c LRA |i D120104 |u 20250526 | ||
| 902 | |a https://opac.biblio.iteso.mx/vufind/Record/000423380 | ||